00918njm a2200217 i 45000010005000000030009000050050017000140070015000310080041000461000034000872450163001212600041002843000046003255000038003715180086004096100070004956100053005657000031006187100022006498520029006714722ES-MaACL20240621063012.0s|r|||||||||||070809s1974 sp ||| g ||||||||1|nfre d1 aIonesco, Eugène,d1909-199410aA quoi bon la culture h[Grabación sonora] b: conferencia inaugural del curso 1974-75 del Ateneo de Madrid / cintervienen Eugène Ionesco, Carmen Llorca. aMadrid : bAteneo de Madrid, c1974. a1 disco (CD-DA) (1 h. 25 min.) ; c12 cm. aDatos basados en la invitación. aActo organizado por el Ateneo de Madrid, grabado el viernes 4 de octubre de 1974.24aAteneo de Madrid-xActos culturales-y1974-vGrabaciones sonoras.24aAteneo de Madrid-vDiscursos de apertura-yS.XX.1 aLlorca, Carmen,d1921-19982 aAteneo de Madrid. aES-MaACLjROT 3/4/9cROT